书目信息 |
| 题名: |
美国政府
|
|
| 作者: | 张金锰 著 | |
| 分册: | ||
| 出版信息: | 台北 三民书局 1967 |
|
| 页数: | 251页 | |
| 开本: | 20cm | |
| 丛书名: | ||
| 单 册: | ||
| 中图分类: | D771.22 | |
| 科图分类: | ||
| 主题词: | 政治 | |
| 电子资源: | ||
| ISBN: | ||
| 000 | 00478nam0 2200181 450 | |
| 001 | 0631381530 | |
| 005 | 20060801095635.78 | |
| 100 | @a20060731d1967 km y0chiy0120 ea | |
| 101 | 0 | @achi |
| 102 | @aCN@b710000 | |
| 200 | 1 | @a美国政府@Amei guo zheng fu@f张金锰著@Fzhang jin meng zhu |
| 210 | @a台北@c三民书局@d1967 | |
| 215 | @a251页@d20cm | |
| 606 | 0 | @a政治 |
| 690 | @aD771.22@v3 | |
| 701 | 0 | @a张金锰@Azhang jin meng@4著 |
| 801 | 0 | @aCN@bPFT@c20060801 |
| 905 | @a10447@dD771.22@e260 | |
| 美国政府/张金锰著.-台北:三民书局,1967 |
| 251页;20cm |
| ISBN : |
| ● |
| 相关链接 |
|
|
|
|
正题名:美国政府
索取号:D771.22/260
 
预约/预借
| 序号 | 登录号 | 条形码 | 馆藏地/架位号 | 状态 | 备注 |
| 1 | 0440690 | 204406909 | 密集书库/ [索取号:D771.22/260] | 在馆 | |
| 2 | 0441175 | 204411751 | 密集书库/ [索取号:D771.22/260] | 在馆 |